000 00569nam a2200229Ia 4500
003 OSt
005 20220918191457.0
006 a|||||r|||| 00| 0
007 ta
008 220917b |||||||| |||| 00| 0 eng d
024 _a63,653
037 _cTextual
040 _aARTS
_cARTS
_beng
041 _2eng
_aeng
082 _aR, K2
100 _aDas A C
_950838
245 0 _aStudies in philsophy
260 _aCalcutta
_bFirma K. L. Mukhopadhyay India
_c1962
650 _aPHILOSOPHY
942 _hR, K2
_cTEXL
_2CC
999 _c190150
_d190150